000 00501nam a22001697a 4500
999 _c9056
_d9056
008 210322b ||||| |||| 00| 0 eng d
040 _aBMS College of Architecture
100 _aFathima, Noor
245 _aCardiac hospital
300 _a41p.
500 _a1BM07AT027
502 _8B.Arch
_NBMS College of Architecture, Visvesvaraya Technological University
_aProject report
_d2012
650 _aHospital
700 _aAjaichandran C K
_eGuide
700 _aBhagyalaxmi M
_eGuide
942 _2ddc
_cTHE